Percentage points of likelihood ratio tests for threshold autoregression.
Konštrukcia tabuľky približných horných percentových bodov pre všeobecný prípad. Spôsob výpočtu, tabelované hodnoty a príklady použitia.
Salvato in:
| Autore principale: | |
|---|---|
| Natura: | Capitolo di libro |
| Lingua: | inglese |
| Soggetti: | |
| Tags: |
Nessun Tag, puoi essere il primo ad aggiungerne!!
|
MARC
| LEADER | 00000naa a2200000 4500 | ||
|---|---|---|---|
| 001 | r005078 | ||
| 005 | 20221213085119.6 | ||
| 041 | 0 | |a eng | |
| 044 | |a GB | ||
| 245 | 1 | 0 | |a Percentage points of likelihood ratio tests for threshold autoregression. |c K.S. Chan |
| 520 | |a Konštrukcia tabuľky približných horných percentových bodov pre všeobecný prípad. Spôsob výpočtu, tabelované hodnoty a príklady použitia. | ||
| 610 | 2 | 0 | |a pravdepodobnosť |
| 610 | 2 | 0 | |a regresia |
| 610 | 2 | 0 | |a metódy matematicko-štatistické |
| 100 | 1 | |a Chan, K.S. | |